| 000 | 00505 a2200169 4500 | ||
|---|---|---|---|
| 999 |
_c4847 _d4847 |
||
| 020 | _a0435909878 | ||
| 050 | _aPR9381.9 NGU 1967 | ||
| 100 |
_aNgugi wa Thiong'o _eauthor |
||
| 245 |
_aA grain of wheat / _cNgugi wa Thiong'o |
||
| 264 |
_aLondon: _bHeinemann Educational Publishers, _c1967 |
||
| 300 | _a247p. : | ||
| 440 | _aAfrican writers series | ||
| 500 | _aPublished under the author's earlier name: James Ngugi | ||
| 650 | _aKenya -- Fiction | ||
| 651 | _aKenya | ||
| 942 |
_2lcc _cBK _h9381.9 _iNGU _kPR |
||